Pulcro y decente: la interesante y divertida historia del cuarto de baño y del W. C
Saved in:
| 主要作者: | |
|---|---|
| 格式: | 圖書 |
| 語言: | 西班牙语 |
| 出版: |
Barcelona
Noguer S. A
1962
|
| 版: | 1a. ed |
| 主題: | |
| 標簽: |
添加標簽
沒有標簽, 成為第一個標記此記錄!
|
MARC
| LEADER | 00000cam a2200000 a 4500 | ||
|---|---|---|---|
| 001 | UCC0244 | ||
| 003 | CL-VaPUC | ||
| 008 | 170728e19620000sp |||||||||||||||||spa|d | ||
| 082 | 0 | 4 | |a 613.41 |b WRI |2 21 |
| 100 | 0 | |a Wright, Lawrence |e author |9 594156 | |
| 245 | 1 | 0 | |a Pulcro y decente: la interesante y divertida historia del cuarto de baño y del W. C |
| 250 | |a 1a. ed | ||
| 300 | |a 320 p | ||
| 942 | |c BK | ||
| 945 | |d 20170728 13:21:00 |a dcastane | ||
| 260 | |a Barcelona |b Noguer S. A |c 1962 | ||
| 650 | 0 | |a Baños |9 269053 | |
| 650 | 0 | |a Aseo personal |9 526832 | |
| 650 | 7 | |a HIGIENE |2 CL-VaPUC |9 594157 | |
| 650 | 7 | |a SALUD E HIGIENE |2 CL-VaPUC |9 307452 | |
| 583 | |a last modification |c 20170728 13:21:00 |k Rodrigo Vera | ||
| 999 | |c 369131 |d 369129 | ||
| 952 | |0 0 |1 0 |3 erd |4 0 |6 613_410000000000000_WRI_1962 |7 0 |8 P |9 484689 |a BIBARQ |b BIBARQ |i 541105K |l 7 |o 613.41 WRI 1962 |p 541105K |r 2025-03-24 |s 2025-03-04 |w 2019-11-24 |y BK |z Catalogado en:20170728 |k ARQ | ||